MARC details
| 000 -CABECERA |
| campo de control de longitud fija |
01259nam a2200289 a 4500 |
| 001 - NÚMERO DE CONTROL |
| campo de control |
000037963 |
| 005 - FECHA Y HORA DE LA ÚLTIMA TRANSACCIÓN |
| campo de control |
20260325092010.0 |
| 008 - DATOS DE LONGITUD FIJA--INFORMACIÓN GENERAL |
| campo de control de longitud fija |
130311s1982 dr 001 0 spa d |
| 040 ## - FUENTE DE LA CATALOGACIÓN |
| Centro catalogador/agencia de origen |
DO-SdBNP |
| Lengua de catalogación |
spa |
| Centro/agencia transcriptor |
BNPHU |
| 082 ## - NÚMERO DE LA CLASIFICACIÓN DECIMAL DEWEY |
| Número de clasificación |
347.012 |
| Número de documento/Ítem |
A485a |
| 100 1# - ENTRADA PRINCIPAL--NOMBRE DE PERSONA |
| Nombre de persona |
Amaro Guzmán, Raymundo |
| 9 (RLIN) |
656 |
| 245 10 - MENCIÓN DE TÍTULO |
| Título |
Administración del poder judicial / |
| Mención de responsabilidad, etc. |
Raymundo Amaro Guzmán ; colaboración Francisco Elpidio Beras. |
| 260 ## - PUBLICACIÓN, DISTRIBUCIÓN, ETC. |
| Lugar de publicación, distribución, etc. |
Santo Domingo : |
| Nombre del editor, distribuidor, etc. |
Publicaciones ONAP, |
| Fecha de publicación, distribución, etc. |
1982. |
| 300 ## - DESCRIPCIÓN FÍSICA |
| Extensión |
225 p. ; |
| Dimensiones |
22 cm. |
| 490 1# - MENCIÓN DE SERIE |
| Mención de serie |
Estudios jurídicos |
| Designación de volumen o secuencia |
14 |
| 490 1# - MENCIÓN DE SERIE |
| Mención de serie |
ONAP |
| 500 ## - NOTA GENERAL |
| Nota general |
Incluye bibliografía y notas al pie de páginas. |
| 504 ## - NOTA DE BIBLIOGRAFÍA, ETC. |
| Nota de bibliografía, etc. |
Bibliografía: p. 219-225 |
| 505 0# - NOTA DE CONTENIDO CON FORMATO |
| Título |
Administración del estado -- |
| -- |
Origen y evolución de Poder Judicial -- |
| -- |
Organización del Poder Judicial -- |
| -- |
Ministerio Público -- |
| -- |
Organo de enlace entre los poderes ejecutivo -- |
| -- |
Administración de personal en la rama judicial -- |
| -- |
Organo de administración en la rama judicial. |
| 590 ## - NOTA LOCAL (RLIN) |
| Nota local |
Inventariado, 2018/LP |
| 650 #0 - PUNTO DE ACCESO ADICIONAL DE MATERIA--TÉRMINO DE MATERIA |
| Término de materia o nombre geográfico como elemento de entrada |
Poder judicial |
| 9 (RLIN) |
556 |
| 650 #0 - PUNTO DE ACCESO ADICIONAL DE MATERIA--TÉRMINO DE MATERIA |
| Término de materia o nombre geográfico como elemento de entrada |
Administración de justicia |
| 9 (RLIN) |
10083 |
| 700 1# - PUNTO DE ACCESO ADICIONAL--NOMBRE DE PERSONA |
| Nombre de persona |
Beras, Francisco Elpidio. |
| Término indicativo de función/relación |
col. |
| 9 (RLIN) |
55843 |
| 830 #0 - PUNTO DE ACCESO ADICIONAL DE SERIE-TÍTULO UNIFORME |
| Título uniforme |
Estudios jurídicos ; |
| Número de parte o sección de la obra |
14 |
| 9 (RLIN) |
64372 |
| 830 ## - PUNTO DE ACCESO ADICIONAL DE SERIE-TÍTULO UNIFORME |
| Título uniforme |
ONAP |
| 9 (RLIN) |
10860 |
| 910 ## - DATOS DE OPCIÓN DEL USUARIO (OCLC) |
| Datos de opción del usuario |
Validado. Control de calidad EMS. |